000 00660nam a22001811 4500
001 sa 68014266
003 DLC
005 20260227112630.0
008 711115s1932 ii b b 00000 eng
010 _asa 68014266
050 0 _aUG103
_b.M87
100 1 0 _aMurland, H. F.
245 0 0 _aBaillie-ki-paltan;
_bbeing a history of the 2nd Battalion, Madras Pioneers, formerly the IV Madras Pioneers, 1759-1930.
260 0 _aMadras,
_bPublished for the Regiment by Higginbothams,
_c1932.
300 _aviii, 602 p.
_bmaps. (part col., part fold.)
_c26 cm.
504 _aBibliography: p. 594-597.
610 1 0 _aIndia.
_bArmy.
_bCorps of Madras Pioneers.
_b2d Battalion.
999 _c85653
_d85653